Grahagolāñcyā navalakathā. (Record no. 63068)

MARC details
000 -LEADER
fixed length control field 00625cam a22002411 4500
001 - CONTROL NUMBER
control field sa 65003292
003 - CONTROL NUMBER IDENTIFIER
control field DLC
005 - DATE AND TIME OF LATEST TRANSACTION
control field 20260227112122.0
008 - FIXED-LENGTH DATA ELEMENTS--GENERAL INFORMATION
fixed length control field 940930s1964 ii ac b 000 0 maro
010 ## - LIBRARY OF CONGRESS CONTROL NUMBER
LC control number sa 65003292
025 ## - OVERSEAS ACQUISITION NUMBER
Overseas acquisition number PL480:I-Mar-825
035 ## - SYSTEM CONTROL NUMBER
System control number (OCoLC)31205683
040 ## - CATALOGING SOURCE
Original cataloging agency DLC
Transcribing agency CU
Modifying agency CU
-- DLC
042 ## - AUTHENTICATION CODE
Authentication code premarc
050 00 - LIBRARY OF CONGRESS CALL NUMBER
Classification number QB44
Item number .S17
100 1# - MAIN ENTRY--PERSONAL NAME
Personal name Sahasrabuddhe, Vasant D.
245 10 - TITLE STATEMENT
Title Grahagolāñcyā navalakathā.
260 ## - PUBLICATION, DISTRIBUTION, ETC.
Date of publication, distribution, etc. [1964]
300 ## - PHYSICAL DESCRIPTION
Extent 172 p.
Other physical details illus., ports.
Dimensions 24 cm.
500 ## - GENERAL NOTE
General note In Marathi.
504 ## - BIBLIOGRAPHY, ETC. NOTE
Bibliography, etc. note Bibliography: p. 155-165.
650 #0 - SUBJECT ADDED ENTRY--TOPICAL TERM
Topical term or geographic name entry element Astronomy
General subdivision Popular works.

No items available.

Powered by Koha